000 00368nam a2200145Ia 4500
008 240624s9999 xx 000 0 und d
041 _aeng
082 _a657 SEH
100 _aSEHGAL ASHOK
245 _aADVANCED ACCOUNTING 2 CORPORATE ACCOUNTI
250 _a(4th ed.)
260 _c2004
_aNew Delhi
_bTaxmann
300 _axviii, : 1062 : p. : cm. ; 24
365 _cRS
999 _c2568
_d2568